| 000 | 00765nam a22002297a 4500 | ||
|---|---|---|---|
| 999 |
_c20625 _d20625 |
||
| 003 | AR-CdUCM | ||
| 008 | 190320b ||||| |||| 00| 0 spa d | ||
| 040 |
_aMUNICIPALIDAD PROVINCIAL DEL CUSCO _cBIBLIOTECA MUNICIPAL DEL CUSCO |
||
| 041 | _hrus | ||
| 082 |
_a530 / _bO62 |
||
| 100 |
_aOrear, Jay _943103 |
||
| 245 | _aFísica fundamental / | ||
| 260 |
_aMéxico : _bLimusa, _c1971. |
||
| 300 |
_a494 páginas ; _bIlustraciones, _c20 cm. |
||
| 505 | _aContenido : Las matemáticas de la física -- Representaciones gráficas -- Ciencia y sociedad -- Velocidad -- Aceleración... | ||
| 650 |
_aFísica _92382 |
||
| 650 |
_aEnergía potencial _943104 |
||
| 650 |
_aVelocidad _913538 |
||
| 700 |
_aKitaigorodski, A. _921465 |
||
| 942 |
_2ddc _cLIBROS |
||
| 945 | _arcc | ||